000 00276nam a22001217a 4500
008 171103b xxu||||| |||| 00| 0 eng d
041 _aeng
080 _a339.138
100 _a60
101 _aMAR
245 _aTHE SUCCESSFU; MARKETING PLAN
_cCOOPER.S.W
942 _2udc
_cBK
999 _c37573
_d37573